Responses for Show #2069 - Thursday, September 9, 1993

Brian Moore game 3.

Contestants

[<< previous game]

Judith Tawil, a Ph.D. candidate originally from Brooklyn, New York

Don Firke, a teacher from Wallingford, Connecticut

Brian Moore, a teacher from Austin, Texas (whose 2-day cash winnings total $21,802)

[next game >>]

Jeopardy! Round responses

ZOOLOGY
AWARDS
FAMOUS FIRSTS
U.S.A.
FEET
SPELL THAT NAME
(Alex: Yes, the dreaded spelling category early on in our tenth season.)
    $100 1
the praying mantis

Don
    $100 3
Walt Disney

Judith
    $100 11
the pogo stick

Don
    $100 18
New York

Brian
    $100 26
left feet

Brian
    $100 16
D-E-Y

Don
    $200 2
a salmon

Judith
    $200 4
Jacques Cousteau

Don
    $200 12
the Boston Marathon

Don
    $200 19
Nashville

Don
    $200 27
ballet

Judith
    $200 17
(Don: Who is T-E-R-R-I?)

T-E-R-I

BrianDon
    $300 6
(Judith: What is a beetle?)

a butterfly

Judith
Triple Stumper
    $300 5
de Gaulle

Brian
    $300 13
a golf ball

Judith
    $300 23
Florida

Don
    $300 28
washing of the feet

Don
    $300 20
S-P-A-C-E-K

Don
    $400 7
a lizard

Brian
    $400 9
Hamilton

Brian
    $400 14
the windshield wiper

Don
    $400 24
Montpelier

Don
    $400 29
FDR

Judith
    $400 21
W-Y-N-E-T-T-E

Don
    $500 8
(Brian: What is North America?)

Australia

BrianJudith
    $500 10
Hadassah

Judith
    $500 15
carbon paper

Don
    $500 25
New Mexico

Brian
    $500 30
"The Battle Hymn Of The Republic"

Brian
    $500 22
S-T-A-N-W-Y-C-K

Brian

Scores at the first commercial break (after clue 15):

Brian Don Judith
$600 $1,500 $1,300

Scores at the end of the Jeopardy! Round:

Brian Don Judith
$2,500 $3,300 $1,900

Double Jeopardy! Round responses

THE CIVIL WAR
1950s TV
CLASSICAL MUSIC
CATS
WORLD CITIES
BIOGRAPHIES
    $200 17
slavery

Brian
    $200 11
the Kentucky Derby

Brian
    $200 1
Mozart

Don
    $200 26
eyes

Don
    $200 6
Mexico

Judith
    $200 16
(Charles) Lindbergh

Brian
    $400 18
(Robert E.) Lee

Brian
    $400 12
Fred Astaire

Judith
    $400 2
Stravinsky

Judith
    $400 27
calico

Don
    $400 7
Morocco

Brian
    $400 22
Stalin

Brian
    $600 19
the Mississippi

Don
    $600 13
Wagon Train

Brian
    $600 3
Beethoven

Judith
    $600 28
the Manx

Brian
    $600 8
Paraguay

Brian
    $600 23
Joan of Arc

Don
    $800 20
Farragut

Brian
    $800 14
Dinah Shore

Don
    $1,500 4
(Franz) Liszt

Judith
    $800 29
the Siamese

Brian
    $3,000 9
Macao

Brian
    $800 24
Johnson

Brian
    $1000 21
the Battle of Shiloh (Pittsburg Landing)

Triple Stumper
    $1000 15
Topper

Don
    $1000 5
(Felix) Mendelssohn

Don
    $1000 30
(Brian: What's Alaska?)

Maine

Brian
Triple Stumper
    $1000 10
(Judith: What is Yalta?)

Potsdam

BrianJudith
    $1000 25
Sarah Vaughan

Brian

Scores at the end of the Double Jeopardy! Round:

Brian Don Judith
$12,500 $8,100 $4,000

[wagering suggestions for these scores]

Final Jeopardy! Round responses

WORD ORIGINS
JudithWhat is Vandals?
$4,000
DonWhat is Vandal?
$8,000
BrianWhat is is Vandal?
$4,000
vandal

Final scores:

Brian Don Judith
$16,500 $16,100 $8,000
3-day champion: $38,302 2nd place: a trip to London, England aboard Delta Airlines & week's stay at Saint James Court + Jeopardy! computerized version or home game 3rd place: Emperor Clock Company cherry wood grandfather clock with solid brass German movement + Jeopardy! computerized version or home game

Game dynamics:

Coryat scores:

Brian Don Judith
$10,300 $8,100 $3,300
24 R
(including 1 DD),
2 W
21 R
(including 1 DD),
1 W
12 R
(including 1 DD),
2 W

Combined Coryat: $21,700

[game clues] [game scores] [suggest correction]

Game tape date: 1993-07-19
The J! Archive is created by fans, for fans. Scraping, republication, monetization, and malicious use prohibited; this site may use cookies and collect identifying information. See terms. The Jeopardy! game show and all elements thereof, including but not limited to copyright and trademark thereto, are the property of Jeopardy Productions, Inc. and are protected under law. This website is not affiliated with, sponsored by, or operated by Jeopardy Productions, Inc. Join the discussion at JBoard.tv.